1997 Speedway Grand Prix Riders - Statistics

General Stats
  • This quiz has been taken 4 times
  • The average score is 19 of 24
Answer Stats
Nationality Answer Pts % Correct
Great Britain Andy Smith 22 Permanent
100%
United States Billy Hamill 101 Permanent
100%
Great Britain Chris Louis 59 Permanent
100%
United States Greg Hancock 118 Permanent
100%
Denmark Hans Nielsen 75 Permanent
100%
Australia Jason Crump 8 Wild Card
100%
Sweden Jimmy Nilsen 71 Permanent
100%
Australia Leigh Adams 42 Permanent
100%
Great Britain Mark Loram 81 Permanent
100%
Sweden Mikael Karlsson 14 Permanent
100%
Sweden Peter Karlsson 37 Permanent
100%
Germany Robert Barth 7 Wild Card
100%
United States Sam Ermolenko DNR Track Reserve
100%
Poland Sławomir Drabik 38 Permanent
100%
Poland Tomasz Gollob 92 Permanent
100%
Sweden Tony Rickardsson 90 Permanent
100%
Denmark Brian Andersen 80 Permanent
50%
Sweden Henrik Gustafsson 20 Permanent
50%
Denmark Jesper B. Jensen 4 Wild Card
50%
Great Britain Joe Screen 8 Wild Card
50%
Poland Piotr Protasiewicz 31 Permanent
50%
Poland Rafał Dobrucki 1 Wild Card
50%
Great Britain Simon Wigg 13 Permanent
0%
Czech Republic Tomáš Topinka 2 Wild Card
0%
No matching quizzes found
Score Distribution
Percent of People with Each Score
Percentile by Number Answered
Your Score History
You have not taken this quiz